000
00237nam a2200097Ia 4500
008
230915s9999 xx 000 0 und d
050
_a
HD 38.5.B46 2007
100
_a
Benton W.C
245
0
_a
Purchasing and supply management
942
_c
BK
999
_c
76669
_d
76669